| 000 | 00618nam a2200205 a 4500 | ||
|---|---|---|---|
| 005 | 20240928063746.0 | ||
| 008 | 050118s1997 mx r 000 0 spa d | ||
| 020 | _a8470304380 | ||
| 035 | _aUPN01000137027 | ||
| 049 | _aCG | ||
| 050 | 4 |
_aHD37 E8 _bD8.3 |
|
| 100 | 1 | _aDurán Herrera, Juan José | |
| 245 | 1 | 0 |
_aEmpresa y actividad económica / _cJuan José Durán Herrera. |
| 260 |
_aMadrid : _bBiblioteca Nueva, _c1997. |
||
| 300 |
_a62 p. : _bcuadros |
||
| 440 | 0 |
_aGrandes cuestiones de la economía ; _v2 |
|
| 650 | 4 |
_aEmpresas _xAdministración _9229 |
|
| 650 | 4 |
_aEMPRESAS COMERCIALES _98100 |
|
| 905 | _aLibro | ||
| 999 |
_c109178 _d109178 |
||